| 000 | 00793nam a2200229Ia 4500 | ||
|---|---|---|---|
| 001 | L871-37776 | ||
| 003 | IT-CnALBA | ||
| 008 | 170116s9999||||xx |||||||||||||| ||und|| | ||
| 040 |
_aIT-CnALBA _cIT-CnALBA |
||
| 041 | _aITALIANO | ||
| 100 | _aAPUDEIO DI MEDAURA | ||
| 245 | 0 | _aDELLA MAGIA. | |
| 250 | _a1a ed. | ||
| 260 |
_a BOLOGNA _bZANICHELLI NICOLA, EDITORE _c1969 [1° Ed.:1969] |
||
| 300 | _a226 p. (prefazione: 3) | ||
| 500 | _aTESTO LATINO CON ITALIANO A FRONTE. MARCHESI CONCETTO TRADUTTORE. | ||
| 501 | _aSocietà San Paolo EM - Piazza San Paolo, 14 - 12051 ALBA (CN) (non commercial uses only) ® Copyright 2017 | ||
| 520 | _aTESTO LATINO CON ITALIANO A FRONTE. MARCHESI CONCETTO TRADUTTORE. | ||
| 650 | _aPROSE E POESIA LATINA | ||
| 942 | _cBK | ||
| 957 | _71 | ||
| 999 |
_a42548 _bNO _g Copie: 1 _c296583 _d296583 |
||